000 00642nam a22002297a 4500
005 20231122114744.0
010 _aENG-138238
020 _c9789380722078
035 _aEN-121770
037 _bDBAD/PUB
082 _a004.25
245 _aComputer Fundamentals/
260 _aRajasthan
_bAjmer Bank Company
_c2013
270 _aTripola Bazaar
_bJaipur
_e302002
300 _a240p
_c24cm(pbk)
700 _aRajeev Srivastava
_956902
700 _aRadhey Shyam Sharma
_957290
700 _aArvind Saini
_957291
700 _aJitender Verma
_957280
700 _aAruna Sharma
_957308
942 _2ddc
_cEN
_h004.25
_mSRI
999 _c198515
_d198515